Équipe type UNFP Ligue 1 - 2025/2026 - Statistiques

Statistiques générales
  • Ce quiz a été pris 42 fois
  • Le résultat moyen est 10 sur 11
Statistiques - réponses
Poste Club Joueur % Correct
Défenseur droit Paris Saint Germain Achraf Hakimi
100%
Défenseur central Paris Saint Germain Willian Pacho
100%
Défenseur gauche Paris Saint Germain Nuno Mendes
97%
Buteur Paris Saint Germain Ousmane Dembélé
97%
Milieu central Paris Saint Germain Vitinha
97%
Ailier gauche Olympique de Marseille Mason Greenwood
95%
Ailier droit RC Lens Florian Thauvin
92%
Gardien RC Lens Robin Risser
92%
Milieu offensif Olympique Lyonnais Corentin Tolisso
90%
Milieu central RC Lens Mamadou Sangaré
59%
Défenseur central RC Lens Malang Sarr
46%
Aucun quiz correspondant
Distribution des résultats
% des personnes avec chaque résultat
Percentile par nombre de réponses
Votre historique - résultats
Vous n’avez pas pris ce quiz